000 00289nam a22001337a 4500
008 180221b xxu||||| |||| 00| 0 eng d
020 _a9780787224721
041 _aeng
080 _a37
100 _a47
101 _aEDU
245 _aEDUCATED IN THE USA
_cJENNIE.N
942 _2udc
_cBK
999 _c43046
_d43046